Statistics for Countries that Speak Arabic

Click here to take the quiz!

General Stats

  • This quiz has been taken 523 times
  • The average score is 21 of 24

Answer Stats

HintAnswer% Correct
AfricaEgypt
98%
AfricaAlgeria
95%
AfricaMorocco
95%
AsiaIraq
94%
AsiaSaudi Arabia
94%
AfricaLibya
93%
AsiaOman
93%
AfricaTunisia
93%
AsiaYemen
93%
AsiaLebanon
91%
AsiaQatar
91%
AfricaSudan
91%
AsiaSyria
91%
AsiaJordan
90%
AsiaBahrain
89%
AsiaKuwait
88%
AsiaUAE
87%
AfricaSomalia
86%
AfricaChad
83%
AfricaMauritania
83%
AfricaDjibouti
81%
AfricaEritrea
75%
AsiaIsrael
75%
AfricaComoros
60%

Score Distribution

Percentile by Number Answered

Percent of People with Each Score

Your Score History

You have not taken this quiz